000 00531cam a22002171 4500
001 he 68002401
003 DLC
005 20260227111501.0
008 831214s1966 is 000 0 heb
010 _ahe 68002401
035 _a(OCoLC)19147397
040 _aDLC
_cMH
_dDLC
042 _apremarc
050 0 0 _aQK50
_b.A88
100 2 _aAvi-Gil, S.
245 1 0 _aDaʻ et ha-tsomeaḥ.
260 _aTel Aviv :
_bʻAmiḥai,
_c[1966]
300 _a300 p. :
_bill. ;
_c25 cm.
650 0 _aBotany.
752 _aIsrael
_dTel Aviv
999 _c33587
_d33587